[Event "FRA-chT Top 12 (Women)"]
[Site "Rennes"]
[Date "2007.05.13"]
[Round "4"]
[White "Rudolf, Anna"]
[Black "Ezanno, Morgane"]
[Result "1-0"]
[WhiteElo "2202"]
[BlackElo "1914"]
[PlyCount "45"]
[EventDate "2007.05.11"]
[EventType "team"]
[EventRounds "5"]
[EventCountry "FRA"]
[SourceTitle "CBM 118 Extra"]
[Source "ChessBase"]
[SourceDate "2007.07.04"]
[SourceVersion "1"]
[SourceVersionDate "2007.07.04"]
[SourceQuality "1"]
[WhiteTeam "Mulhouse Philidor"]
[BlackTeam "Rennes Paul Bert"]
[WhiteTeamCountry "FRA"]
[BlackTeamCountry "FRA"]

1. e4 c5 2. Nf3 d6 3. d4 cxd4 4. Nxd4 Nf6 5. Nc3 g6 6. Be3 Bg7 7. f3 0-0 8. Qd2 Nc6 9. 0-0-0 Nxd4 10. Bxd4 Be6 11. Kb1 Qd7 12. h4 Rfc8 13. h5 d5 14. e5 Ne8 15. g4 Nc7 16. Bd3 Qc6 17. hxg6 hxg6 18. Rh4 Kf8 19. Rh7 Qe8 20. Rdh1 f6 21. Rxg7 Kxg7 22. Qh6+ Kg8 23. Qh8+ 1-0

[Event "FRA-ch U18 Girls"]
[Site "Le Grand Bornand"]
[Date "2007.04.14"]
[Round "9"]
[White "Le Bail, Clara"]
[Black "Ezanno, Morgane"]
[Result "1-0"]
[WhiteElo "1933"]
[BlackElo "1914"]
[PlyCount "83"]
[EventDate "2007.04.07"]
[EventType "swiss"]
[EventRounds "9"]
[EventCountry "FRA"]
[SourceTitle "CBM 118 Extra"]
[Source "ChessBase"]
[SourceDate "2007.07.04"]
[SourceVersion "1"]
[SourceVersionDate "2007.07.04"]
[SourceQuality "1"]

1. c4 e6 2. Nf3 Nf6 3. g3 d5 4. Bg2 c6 5. 0-0 Nbd7 6. b3 g6 7. Bb2 Bg7 8. e3 0-0 9. Nc3 Re8 10. d4 dxc4 11. bxc4 c5 12. Nb5 Nb6 13. Qc2 a6 14. dxc5 axb5 15. cxb6 Qxb6 16. Bd4 Qc7 17. Qb2 bxc4 18. Bxf6 c3 19. Qb5 Bd7 20. Qe5 Qxe5 21. Bxe5 Bb5 22. Rfc1 Rec8 23. Bxg7 Kxg7 24. Nd4 Ba6 25. a4 e5 26. Nc2 Rc7 27. Nb4 Rac8 28. Ra3 Rc5 29. Nxa6 bxa6 30. Bb7 Rb8 31. Bxa6 c2 32. Bb5 Rd8 33. Kg2 Rd1 34. Raa1 Rd2 35. Kf1 Rc3 36. Ke1 Rd8 37. Ra2 Rdc8 38. Kd2 R3c5 39. Raxc2 Rd8+ 40. Ke2 Rcd5 41. Bc6 Ra5 42. Rc5 1-0

[Event "FRA-ch U18 Girls"]
[Site "Le Grand Bornand"]
[Date "2007.04.13"]
[Round "7"]
[White "Cheype, Marie"]
[Black "Ezanno, Morgane"]
[Result "0-1"]
[WhiteElo "1847"]
[BlackElo "1914"]
[PlyCount "64"]
[EventDate "2007.04.07"]
[EventType "swiss"]
[EventRounds "9"]
[EventCountry "FRA"]
[SourceTitle "CBM 118 Extra"]
[Source "ChessBase"]
[SourceDate "2007.07.04"]
[SourceVersion "1"]
[SourceVersionDate "2007.07.04"]
[SourceQuality "1"]

1. e4 c5 2. Nf3 d6 3. d4 cxd4 4. Nxd4 Nf6 5. Nc3 g6 6. f3 Bg7 7. Be3 0-0 8. Qd2 Nc6 9. Bc4 Ne5 10. Bb3 Bd7 11. 0-0-0 Qa5 12. Kb1 Rfc8 13. h4 Rab8 14. Bh6 Bxh6 15. Qxh6 Rxc3 16. bxc3 Rc8 17. h5 Nc4 18. hxg6 fxg6 19. Rd3 Qb6 20. f4 Qc5 21. f5 Kf7 22. fxg6+ hxg6 23. Rf3 Rg8 24. Rhf1 b5 25. Qh4 Qe5 26. Rg3 Ke8 27. Bxc4 bxc4 28. Re1 Qa5 29. Qh6 Kf7 30. Rg5 Qxc3 31. Nf3 Qa3 32. Rg3 Rb8+ 0-1

[Event "FRA-ch U18 Girls"]
[Site "Le Grand Bornand"]
[Date "2007.04.10"]
[Round "4"]
[White "Ezanno, Morgane"]
[Black "Josse, Anais"]
[Result "1-0"]
[WhiteElo "1914"]
[BlackElo "1700"]
[PlyCount "85"]
[EventDate "2007.04.07"]
[EventType "swiss"]
[EventRounds "9"]
[EventCountry "FRA"]
[SourceTitle "CBM 118 Extra"]
[Source "ChessBase"]
[SourceDate "2007.07.04"]
[SourceVersion "1"]
[SourceVersionDate "2007.07.04"]
[SourceQuality "1"]

1. e4 e5 2. f4 d6 3. Nf3 Nc6 4. Bc4 Nf6 5. d3 Be7 6. 0-0 0-0 7. Nc3 exf4 8. Bxf4 Bg4 9. Qe1 Nh5 10. Be3 Ne5 11. Nxe5 dxe5 12. Qf2 Nf6 13. Qg3 Bd7 14. Bh6 Nh5 15. Qxe5 Bg4 16. Bd2 Bf6 17. Rxf6 Nxf6 18. Rf1 Re8 19. Qg3 Qd4+ 20. Be3 Qe5 21. Qxe5 Rxe5 22. Bd4 Rg5 23. e5 Nd7 24. Bxf7+ Kf8 25. Bb3+ Ke8 26. Nd5 Rc8 27. Re1 c6 28. Nf4 b6 29. Bc3 a5 30. h4 Rf5 31. g3 Rf8 32. e6 Nf6 33. Re5 h6 34. Ng6 Rg8 35. e7 Nd5 36. Bd4 b5 37. a4 Kf7 38. Nf8 Rgxf8 39. exf8Q+ Kxf8 40. axb5 Ne7 41. Bc5 Rc7 42. b6 Rb7 43. Bxe7+ 1-0

[Event "FRA-chT3 Gr06 0607"]
[Site "France"]
[Date "2007.03.31"]
[Round "8.6"]
[White "Ezanno, Morgane"]
[Black "Brucelle, Clement"]
[Result "0-1"]
[WhiteElo "1914"]
[BlackElo "2014"]
[PlyCount "71"]
[EventDate "2006.10.15"]
[EventType "team"]
[EventRounds "9"]
[EventCountry "FRA"]
[SourceTitle "EXT 2008"]
[Source "ChessBase"]
[SourceDate "2007.11.25"]
[SourceVersion "1"]
[SourceVersionDate "2007.11.25"]
[SourceQuality "1"]
[WhiteTeam "Rennes Paul Bert II"]
[BlackTeam "Arradon"]
[WhiteTeamCountry "FRA"]
[BlackTeamCountry "FRA"]

1. e4 e5 2. f4 d5 3. exd5 c6 4. dxc6 Nxc6 5. Nc3 Bc5 6. Nf3 exf4 7. Bc4 Bg4 8. d3 Nd4 9. Bxf4 Qe7+ 10. Kd2 Bxf3 11. gxf3 Qh4 12. Re1+ Ne7 13. Bg3 Qh6+ 14. f4 0-0 15. Ne4 Bb6 16. Ng5 Ndf5 17. Qg4 Ba5+ 18. c3 b5 19. Bxf7+ Rxf7 20. Nxf7 Kxf7 21. Re5 Qf6 22. Rae1 Kg8 23. Rxb5 Bb6 24. Rbe5 Rd8 25. Re6 Qf7 26. Kc2 Nd5 27. Qg5 h6 28. Qg6 Nde3+ 29. Kb3 Qd7 30. Re5 Qxd3 31. Qe6+ Kh8 32. Re4 Qc2+ 33. Ka3 Bc5+ 34. Rb4 Bxb4+ 35. Kxb4 Qxb2+ 36. Kc5 0-1

[Event "Bretagne-ch U18"]
[Site "Ploermel"]
[Date "2007.02.15"]
[Round "5"]
[White "Gourlaouen, Guillaume"]
[Black "Ezanno, Morgane"]
[Result "0-1"]
[WhiteElo "2009"]
[BlackElo "1870"]
[PlyCount "72"]
[EventDate "2007.02.13"]
[EventType "tourn"]
[EventRounds "6"]
[EventCountry "FRA"]
[SourceTitle "EXT 2008"]
[Source "ChessBase"]
[SourceDate "2007.11.25"]
[SourceVersion "1"]
[SourceVersionDate "2007.11.25"]
[SourceQuality "1"]

1. d4 d5 2. Nf3 Nc6 3. c4 Bg4 4. cxd5 Bxf3 5. gxf3 Qxd5 6. e3 e5 7. Nc3 Bb4 8. Bd2 Qd7 9. d5 Nce7 10. e4 Nf6 11. a3 Ba5 12. h4 c6 13. b4 Bb6 14. Bh3 Qd6 15. Be3 Bxe3 16. fxe3 cxd5 17. exd5 0-0 18. e4 Ng6 19. Ne2 Nxh4 20. Ng3 Qb6 21. Qe2 Qd4 22. Rc1 Ng6 23. Nf5 Qb6 24. Qg2 Nh5 25. Qg5 Nhf4 26. Rc2 a5 27. d6 axb4 28. Ne7+ Nxe7 29. dxe7 Qe3+ 30. Kd1 Qxf3+ 31. Kc1 Qxh1+ 32. Kb2 bxa3+ 33. Ka2 Rfe8 34. Bd7 Qxe4 35. Rc8 Qd5+ 36. Ka1 Qd4+ 0-1

[Event "Bretagne-ch U18"]
[Site "Ploermel"]
[Date "2007.02.14"]
[Round "3"]
[White "Brucelle, Clement"]
[Black "Ezanno, Morgane"]
[Result "1/2-1/2"]
[WhiteElo "2025"]
[BlackElo "1870"]
[PlyCount "71"]
[EventDate "2007.02.13"]
[EventType "tourn"]
[EventRounds "6"]
[EventCountry "FRA"]
[SourceTitle "EXT 2008"]
[Source "ChessBase"]
[SourceDate "2007.11.25"]
[SourceVersion "1"]
[SourceVersionDate "2007.11.25"]
[SourceQuality "1"]

1. e4 c5 2. Nf3 d6 3. d4 cxd4 4. Nxd4 Nf6 5. Nc3 g6 6. Be3 Bg7 7. f3 0-0 8. Qd2 Nc6 9. h4 d5 10. 0-0-0 dxe4 11. Nxe4 Nxe4 12. fxe4 Ne5 13. h5 Ng4 14. Bg5 h6 15. Bh4 g5 16. Bg3 Qb6 17. c3 Rd8 18. Qe2 Nf6 19. e5 Bg4 20. Qe1 Bxd1 21. exf6 Bxf6 22. Nf5 Qc5 23. Qe4 Rac8 24. Bd3 Rxd3 25. Qxd3 Ba4 26. Nxh6+ Kg7 27. Ng4 Bxc3 28. h6+ Kh8 29. Qxc3+ Qxc3+ 30. bxc3 Rxc3+ 31. Kb1 Rxg3 32. Ne5 f6 33. Ng6+ Kh7 34. Nf8+ Kh8 35. Ng6+ Kh7 36. Nf8+ 1/2-1/2

[Event "FRA-chT3 Gr06 0607"]
[Site "France"]
[Date "2007.02.11"]
[Round "6.4"]
[White "Cadiou, Jacques"]
[Black "Ezanno, Morgane"]
[Result "1-0"]
[WhiteElo "2120"]
[BlackElo "1870"]
[PlyCount "57"]
[EventDate "2006.10.15"]
[EventType "team"]
[EventRounds "9"]
[EventCountry "FRA"]
[SourceTitle "EXT 2008"]
[Source "ChessBase"]
[SourceDate "2007.11.25"]
[SourceVersion "1"]
[SourceVersionDate "2007.11.25"]
[SourceQuality "1"]
[WhiteTeam "Quimper"]
[BlackTeam "Rennes Paul Bert II"]
[WhiteTeamCountry "FRA"]
[BlackTeamCountry "FRA"]

1. Nf3 e6 2. c4 Nf6 3. Nc3 c6 4. d4 d5 5. e3 Be7 6. Qc2 Nbd7 7. g4 dxc4 8. Bxc4 Nb6 9. Bd3 Bd7 10. e4 Rc8 11. g5 Nh5 12. Qe2 c5 13. d5 exd5 14. exd5 c4 15. Bc2 Qc7 16. Ne5 g6 17. Bd2 Qd6 18. 0-0-0 Nxd5 19. Nxd5 Qxd5 20. Bc3 Bxg5+ 21. Kb1 Qe6 22. Rxd7 f6 23. Rhd1 fxe5 24. R1d6 Qxd7 25. Qxe5+ Qe7 26. Qxh8+ Qf8 27. Qe5+ Be7 28. Ba4+ Kf7 29. Qe6# 1-0

[Event "Bretagne-ch U16"]
[Site "Sarzeau"]
[Date "2006.02.22"]
[Round "3"]
[White "Nineuil, Vincent"]
[Black "Ezanno, Morgane"]
[Result "0-1"]
[WhiteElo "1830"]
[BlackElo "1790"]
[PlyCount "56"]
[EventDate "2006.02.21"]
[EventType "swiss"]
[EventRounds "6"]
[EventCountry "FRA"]
[SourceTitle "EXT 2007"]
[Source "ChessBase"]
[SourceDate "2006.11.23"]
[SourceVersion "1"]
[SourceVersionDate "2006.11.23"]
[SourceQuality "1"]

1. e4 c5 2. Nf3 d6 3. d4 cxd4 4. Nxd4 Nf6 5. Nc3 g6 6. f3 Bg7 7. Be3 0-0 8. g4 Nc6 9. Qd2 d5 10. g5 Nd7 11. Nxc6 bxc6 12. exd5 Ne5 13. Bg2 Nc4 14. Qe2 Nxe3 15. Qxe3 cxd5 16. Qd2 e6 17. Rb1 Qa5 18. a3 Ba6 19. Ne2 Qb5 20. c3 Rab8 21. Bf1 Qd3 22. Rd1 Qxf3 23. Ng3 Be5 24. Rg1 Bf4 25. Qg2 Qe3+ 26. Be2 Rxb2 27. Kf1 Bxg3 28. hxg3 Bxe2+ 0-1

[Event "FRA-chT3 Gr5 "]
[Site "Bretagne"]
[Date "2006.??.??"]
[Round "8.5"]
[White "Ezanno, Morgane"]
[Black "Luco, Alain"]
[Result "1-0"]
[WhiteElo "1790"]
[BlackElo "2137"]
[PlyCount "109"]
[EventDate "2006.??.??"]
[EventType "team"]
[EventRounds "9"]
[EventCountry "FRA"]
[SourceTitle "EXT 2007"]
[Source "ChessBase"]
[SourceDate "2006.11.23"]
[SourceVersion "1"]
[SourceVersionDate "2006.11.23"]
[SourceQuality "1"]
[WhiteTeam "Rennes Paul Bert II"]
[BlackTeam "Guingamp II"]
[WhiteTeamCountry "FRA"]
[BlackTeamCountry "FRA"]

1. e4 e6 2. d4 d5 3. Nc3 Bb4 4. e5 c5 5. a3 Bxc3+ 6. bxc3 Ne7 7. Qg4 cxd4 8. cxd4 Qc7 9. Ne2 Qxc2 10. Qxg7 Rg8 11. Qf6 Nbc6 12. Bg5 Bd7 13. Rc1 Qf5 14. h4 Qxf6 15. Bxf6 Nf5 16. Rh3 Rc8 17. Rhc3 h5 18. g3 Rb8 19. Nf4 Nfxd4 20. Nxh5 b5 21. Rb1 a5 22. f4 b4 23. axb4 axb4 24. Rd3 Bc8 25. Bg5 Rh8 26. Nf6+ Kf8 27. h5 b3 28. g4 Ra8 29. h6 Ra2 30. Rc3 b2 31. Kf2 Bb7 32. Bd3 Nb4 33. h7 Kg7 34. Nh5+ Kf8 35. Bh6+ Ke7 36. Rc7+ Kd8 37. Rxb7 Nxd3+ 38. Ke3 Rxh7 39. Kxd3 Rxh6 40. Kxd4 Ra4+ 41. Ke3 Rg6 42. g5 Ra3+ 43. Kf2 Rh3 44. Nf6 Kc8 45. Rxf7 Rh2+ 46. Kg3 Rc2 47. Kg4 d4 48. Kh5 Rxf6 49. gxf6 d3 50. Rg7 Kd8 51. Rgg1 Ke8 52. Kg6 Kf8 53. f7 Rf2 54. Rxb2 Rxb2 55. Kf6 1-0

[Event "FRA-ch U16 Girls"]
[Site "Calvi"]
[Date "2005.04.19"]
[Round "4"]
[White "Cwiek, Perrine"]
[Black "Ezanno, Morgane"]
[Result "1-0"]
[WhiteElo "1690"]
[BlackElo "1800"]
[PlyCount "89"]
[EventDate "2005.04.??"]
[EventType "swiss"]
[EventRounds "9"]
[EventCountry "FRA"]
[SourceTitle "EXT 2006"]
[Source "ChessBase"]
[SourceDate "2005.11.24"]
[SourceVersion "1"]
[SourceVersionDate "2005.11.24"]
[SourceQuality "1"]

1. e4 c5 2. Nf3 d6 3. Bb5+ Nc6 4. 0-0 Bd7 5. c3 Nf6 6. Re1 g6 7. d4 cxd4 8. cxd4 Bg7 9. Nc3 0-0 10. h3 Rc8 11. Bg5 Na5 12. Bxd7 Qxd7 13. Rc1 Nc4 14. Qe2 Rc7 15. Bxf6 Bxf6 16. Nd5 Rc6 17. Nxf6+ exf6 18. Rxc4 Rxc4 19. Qxc4 Rc8 20. Qd3 Qa4 21. a3 Qc2 22. Qxc2 Rxc2 23. b3 Rc3 24. Re3 Rc1+ 25. Kh2 Kf8 26. Rd3 Ke7 27. Kg3 Ke6 28. Nd2 Rc2 29. d5+ Kd7 30. Nc4 Kc7 31. Rf3 Kd7 32. Rxf6 Rc3+ 33. Rf3 Rxf3+ 34. Kxf3 Kc7 35. Kf4 f6 36. g4 b5 37. Na5 Kb6 38. Nc6 a6 39. g5 fxg5+ 40. Kxg5 Kc5 41. Kh6 Kb6 42. Kxh7 a5 43. Kxg6 a4 44. b4 Kc7 45. h4 1-0

[Event "FRA-ch U16 Girls"]
[Site "Calvi"]
[Date "2005.04.19"]
[Round "3"]
[White "Ezanno, Morgane"]
[Black "Salinas, Deborah"]
[Result "1-0"]
[WhiteElo "1800"]
[BlackElo "1590"]
[PlyCount "53"]
[EventDate "2005.04.??"]
[EventType "swiss"]
[EventRounds "9"]
[EventCountry "FRA"]
[SourceTitle "EXT 2006"]
[Source "ChessBase"]
[SourceDate "2005.11.24"]
[SourceVersion "1"]
[SourceVersionDate "2005.11.24"]
[SourceQuality "1"]

1. e4 e6 2. d4 d5 3. Nc3 Nf6 4. Bg5 dxe4 5. Nxe4 Be7 6. Bxf6 Bxf6 7. Nf3 0-0 8. h4 Nd7 9. Bd3 h5 10. Nfg5 g6 11. g4 Kg7 12. gxh5 Bxd4 13. hxg6 Ne5 14. gxf7 Rh8 15. Rg1 Kf8 16. c3 Bb6 17. Bc4 Qe7 18. Qe2 Rxh4 19. 0-0-0 Rf4 20. Bxe6 Ng6 21. Nh7+ Kg7 22. Rxg6+ Kxg6 23. Rg1+ Kh6 24. f8B+ Rxf8 25. Rh1+ Kg7 26. Qg4+ Kh8 27. Nhf6+ 1-0

[Event "France-ch U14 Girls"]
[Site "Reims"]
[Date "2004.04.24"]
[Round "8"]
[White "Vinckier, Delphine"]
[Black "Ezanno, Morgane"]
[Result "1-0"]
[WhiteElo "1590"]
[BlackElo "1720"]
[PlyCount "101"]
[EventDate "2004.04.??"]
[EventType "swiss"]
[EventRounds "9"]
[EventCountry "FRA"]
[SourceTitle "EXT 2005"]
[Source "ChessBase"]
[SourceDate "2004.11.15"]
[SourceVersion "1"]
[SourceVersionDate "2004.11.15"]
[SourceQuality "1"]

1. e4 c5 2. Nc3 e6 3. Nf3 Nc6 4. Be2 a6 5. 0-0 b5 6. a3 Bb7 7. d4 cxd4 8. Nxd4 Nge7 9. Nxc6 Nxc6 10. b4 Qc7 11. Bb2 Rc8 12. Bd3 Ne5 13. Rc1 Be7 14. Kh1 Nc4 15. Bxc4 Qxc4 16. f3 Bf6 17. e5 Bxe5 18. Ne4 Bxe4 19. Bxe5 Bd5 20. Bxg7 Rg8 21. Be5 Qh4 22. Qe1 Qg5 23. Bg3 Rc4 24. Qe5 Qxe5 25. Bxe5 Ke7 26. Rfe1 Rgc8 27. c3 f6 28. Bd4 Kf7 29. f4 d6 30. Rf1 Kg7 31. Rfe1 e5 32. fxe5 fxe5 33. Bf2 Rg4 34. Bg3 h5 35. Rcd1 Be4 36. Rxd6 Rxc3 37. Bxe5+ Kf7 38. Bxc3 Bxg2+ 39. Kg1 Bh3+ 40. Kf2 Rg2+ 41. Kf3 Rxh2 42. Rf6+ Kg8 43. Re8+ Kg7 44. Rxa6+ Kf7 45. Rb8 Bg4+ 46. Kf4 Rf2+ 47. Kg5 Rf5+ 48. Kh6 h4 49. Rb7+ Kg8 50. Ra8+ Rf8 51. Rg7+ 1-0

[Event "FRA-ch U12 Girls"]
[Site "Hyeres"]
[Date "2002.??.??"]
[Round "3.2"]
[White "Ezanno, Morgane"]
[Black "Fernandez, Laura"]
[Result "0-1"]
[WhiteElo "1470"]
[BlackElo "1700"]
[PlyCount "80"]
[EventDate "2002.04.05"]
[EventType "swiss"]
[EventRounds "9"]
[EventCountry "FRA"]
[SourceTitle "EXT 2003"]
[Source "ChessBase"]
[SourceDate "2002.11.25"]
[SourceVersion "1"]
[SourceVersionDate "2002.11.25"]
[SourceQuality "1"]

1. e4 e5 2. Bc4 Nf6 3. Nf3 Nc6 4. Ng5 d5 5. exd5 Na5 6. Bb5+ c6 7. dxc6 bxc6 8. Be2 Nd5 9. d3 Be7 10. Nf3 Qc7 11. Bd2 0-0 12. Nc3 Nxc3 13. Bxc3 Bd6 14. Qd2 Nb7 15. Rd1 Be6 16. d4 f6 17. Qd3 Bd5 18. Qe3 e4 19. Nd2 Bf4 20. Qh3 Rae8 21. 0-0 e3 22. Nb3 exf2+ 23. Rxf2 Be3 24. Rdf1 Bxf2+ 25. Rxf2 Nd6 26. Bd3 Be4 27. Nc5 Bxd3 28. Qxd3 Nf7 29. Rf3 Ng5 30. Rg3 Qf4 31. Bd2 Qh4 32. Qc4+ Kh8 33. Nd7 Rg8 34. Qxc6 Qxd4+ 35. Be3 Rxe3 36. Rxe3 Qxe3+ 37. Kf1 Qf4+ 38. Ke1 Re8+ 39. Kd1 Qd4+ 40. Kc1 Re1# 0-1